Roblox Blox Fruits: Name the Race - Statistics

General Stats
  • This quiz has been taken 38 times
  • The average score is 6 of 7
Answer Stats
Race % Correct
Human
97%
Shark
88%
Angel
81%
Cyborg
78%
Ghoul
78%
Rabbit
75%
Draco
66%
No matching quizzes found
Score Distribution
Percent of People with Each Score
Percentile by Number Answered
Your Score History
You have not taken this quiz